[Event "19e Open de Saint-Affrique"]
[Site "Saint Affrique (12)"]
[Date "2011.07.25"]
[Round "3.1"]
[White "Degraeve, Jean-Marc"]
[Black "Bollengier, Andreea"]
[Result "1-0"]
[WhiteElo "2574"]
[BlackElo "2207"]
[PlyCount "41"]
[EventDate "2011.??.??"]

1. e4 c5 2. Nc3 e6 3. Nf3 d6 4. d4 cxd4 5. Nxd4 Nf6 6. g4 e5 7. Bb5+ Bd7 8.
Bxd7+ Qxd7 9. Nf5 h5 10. f3 hxg4 11. fxg4 g6 12. Ne3 Rh3 13. Qe2 Be7 14. Qg2
Rh4 15. h3 Nc6 16. Bd2 Nd4 17. O-O-O Rh7 18. g5 Nh5 19. Ned5 O-O-O 20. Be3 Nc6
21. Nxe7+ 1-0

[Event "19e Open de Saint-Affrique"]
[Site "Saint Affrique (12)"]
[Date "2011.07.25"]
[Round "3.2"]
[White "Dussol, Pierre"]
[Black "Gozzoli, Yannick"]
[Result "1/2-1/2"]
[WhiteElo "2205"]
[BlackElo "2532"]
[PlyCount "78"]
[EventDate "2011.??.??"]

1. d4 Nf6 2. Nf3 d5 3. e3 c6 4. Bd3 Bg4 5. b3 Nbd7 6. Bb2 e6 7. Nbd2 Bd6 8. Qc1
O-O 9. Ne5 Bf5 10. Bxf5 exf5 11. Nxd7 Qxd7 12. Nf3 f4 13. O-O fxe3 14. Qxe3 Qf5
15. c4 Rfe8 16. Qd2 Ne4 17. Qa5 f6 18. Ba3 Bf4 19. cxd5 Qxd5 20. Qxd5+ cxd5 21.
Bc1 Bd6 22. Bb2 Rac8 23. Rfc1 Bf4 24. Rxc8 Rxc8 25. Ne1 Bd2 26. f3 Nd6 27. Kf1
h5 28. Rd1 Ba5 29. Rc1 Re8 30. Nd3 Nf5 31. b4 Bb6 32. Nf4 Rd8 33. Nxh5 Rd7 34.
Ke2 Bxd4 35. Bxd4 Nxd4+ 36. Kd3 Ne6 37. g4 Kf7 38. Rc8 g6 39. Ng3 Nf4+ 1/2-1/2

[Event "19e Open de Saint-Affrique"]
[Site "Saint Affrique (12)"]
[Date "2011.07.25"]
[Round "3.3"]
[White "Karpatchev, Aleksandr"]
[Black "Weill, Roland"]
[Result "1-0"]
[WhiteElo "2485"]
[BlackElo "2202"]
[PlyCount "87"]
[EventDate "2011.??.??"]

1. e4 e5 2. Bc4 Nc6 3. Nf3 Be7 4. O-O Nf6 5. d3 d6 6. a4 O-O 7. a5 a6 8. Nc3
Bg4 9. h3 Bxf3 10. Qxf3 Nd4 11. Qd1 c6 12. Ne2 d5 13. Nxd4 exd4 14. exd5 Nxd5
15. Bd2 Bg5 16. Re1 Bxd2 17. Qxd2 Qd6 18. Qe2 Rad8 19. Qe4 Qf6 20. Bb3 Nf4 21.
Qe5 Qxe5 22. Rxe5 Ng6 23. Rf5 Nh4 24. Re5 Ng6 25. Re4 Rfe8 26. Rae1 Kf8 27. g3
Ne7 28. Kg2 Nf5 29. Kf1 Rxe4 30. Rxe4 Ne7 31. g4 Rd6 32. Ke2 f6 33. Kd2 c5 34.
Ba4 Nc6 35. Bxc6 Rxc6 {#} 36. b4 f5 37. Rf4 cxb4 38. Rxf5+ Rf6 39. Rxf6+ gxf6
40. f4 Ke7 41. Kc1 Kf7 42. Kb2 Kg6 43. Kb3 h5 44. Kc4 1-0

[Event "19e Open de Saint-Affrique"]
[Site "Saint Affrique (12)"]
[Date "2011.07.25"]
[Round "3.4"]
[White "Crouan, Stephane"]
[Black "Flear, Glenn C"]
[Result "0-1"]
[WhiteElo "2198"]
[BlackElo "2483"]
[PlyCount "66"]
[EventDate "2011.??.??"]

1. d4 d5 2. Nf3 Nf6 3. g3 c5 4. Bg2 cxd4 5. O-O g6 6. Nxd4 Bg7 7. c4 O-O 8.
cxd5 Nxd5 9. Nc3 Nxc3 10. bxc3 Qc7 11. Qb3 Nc6 12. Nxc6 bxc6 13. Be3 Be6 14.
Qa3 Bd5 15. Bc5 Bxg2 16. Kxg2 Bf6 17. Rad1 Rfd8 18. Qa6 Rd5 19. Rxd5 cxd5 20.
Bd4 Bxd4 21. cxd4 Rb8 22. Qa3 Rc8 23. e3 e6 24. Rb1 Qc2 25. Rb2 Qe4+ 26. f3
Rc2+ 27. Rxc2 Qxc2+ 28. Kh3 Qf2 29. Qxa7 Kg7 30. Qc7 g5 31. f4 h6 32. Qc1 (32.
fxg5 hxg5 33. Qe5+ Kg6 34. g4) 32... f5 33. fxg5 hxg5 0-1

[Event "19e Open de Saint-Affrique"]
[Site "Saint Affrique (12)"]
[Date "2011.07.25"]
[Round "3.5"]
[White "Petitcunot, Pierre"]
[Black "Remille, Tristan"]
[Result "1/2-1/2"]
[WhiteElo "2414"]
[BlackElo "2193"]
[PlyCount "79"]
[EventDate "2011.??.??"]

1. e4 c5 2. Nf3 d6 3. d4 cxd4 4. Nxd4 Nf6 5. Nc3 a6 6. Bc4 e6 7. Bb3 Nbd7 8. f4
Nc5 9. e5 Nfd7 10. exd6 Bxd6 11. Be3 O-O 12. Qf3 Nf6 13. O-O-O Nxb3+ 14. axb3
Qc7 15. Kb1 Bd7 16. g4 e5 17. fxe5 Bxe5 18. g5 Bxd4 19. Bxd4 Bc6 20. Qh3 Ne4
21. Rhg1 Rad8 22. Rd3 Qd7 23. Qf1 Qe6 24. Qf4 Rfe8 25. Ka1 Nxc3 26. bxc3 Qd6
27. Qf2 Be4 28. Bc5 Qg6 29. Rxd8 Rxd8 30. Kb2 Qf5 31. Qxf5 Bxf5 32. Re1 Be6 33.
Bd4 Rd5 34. h4 Kf8 35. Rg1 Rf5 36. c4 f6 37. Kc3 Kf7 38. Rg3 Rf4 39. h5 Rg4 40.
Rxg4 1/2-1/2

[Event "19e Open de Saint-Affrique"]
[Site "Saint Affrique (12)"]
[Date "2011.07.25"]
[Round "3.6"]
[White "Castro, John"]
[Black "Bedouin, Xavier"]
[Result "1/2-1/2"]
[WhiteElo "2189"]
[BlackElo "2410"]
[PlyCount "61"]
[EventDate "2011.??.??"]

1. e4 e5 2. Nc3 Nc6 3. Bc4 Nf6 4. d3 Bc5 5. Nf3 h6 6. Be3 Qe7 7. Qd2 Na5 8. Bb5
a6 9. Ba4 b5 10. Nd5 Nxd5 11. Bxc5 Qxc5 12. Qxa5 Nb4 13. Bb3 Nxc2+ 14. Bxc2
Qxc2 15. O-O O-O 16. Qa3 d6 17. Rfc1 Qa4 18. Qxa4 bxa4 19. Rxc7 Rb8 20. Rc2 f5
21. Nd2 Be6 22. f3 Rfc8 23. Rac1 Kf7 24. Rxc8 Rxc8 25. Rxc8 Bxc8 26. Nc4 Ke7
27. Kf2 Be6 28. Ke3 fxe4 29. fxe4 Bxc4 30. dxc4 Kd7 31. a3 1/2-1/2

[Event "19e Open de Saint-Affrique"]
[Site "Saint Affrique (12)"]
[Date "2011.07.25"]
[Round "3.7"]
[White "Vanderbeeken, Mikael"]
[Black "Milchev, Nikolay"]
[Result "0-1"]
[WhiteElo "2171"]
[BlackElo "2388"]
[PlyCount "54"]
[EventDate "2011.??.??"]

1. e4 Nf6 2. e5 Nd5 3. d4 d6 4. c4 Nb6 5. exd6 exd6 6. Nc3 Be7 7. Be3 Nc6 8.
Rc1 O-O 9. Be2 Bg5 10. Nf3 Bxe3 11. fxe3 Bg4 12. O-O Qe7 13. Qd2 Rae8 14. Nd1
d5 15. b3 a5 16. Rf2 Qb4 17. Qc2 g6 18. c5 Nd7 19. Nc3 Nf6 20. Qb2 a4 21. Nxd5
Nxd5 22. Rc4 a3 23. Qc1 Qa5 24. b4 Ndxb4 25. d5 Bxf3 26. Bxf3 Nd3 27. Qb1 Nce5
0-1

[Event "19e Open de Saint-Affrique"]
[Site "Saint Affrique (12)"]
[Date "2011.07.25"]
[Round "3.9"]
[White "Sanchez, Nicolas"]
[Black "Milliet, Sophie"]
[Result "1/2-1/2"]
[WhiteElo "2163"]
[BlackElo "2355"]
[PlyCount "77"]
[EventDate "2011.??.??"]

1. d4 Nf6 2. c4 c5 3. d5 b5 4. Nd2 bxc4 5. e4 c3 6. bxc3 g6 7. Nc4 d6 8. Bd3
Bg7 9. Nf3 O-O 10. O-O Nbd7 11. Bd2 Ba6 12. Qa4 Bxc4 13. Qxc4 Qa5 14. Rfb1 Rab8
15. h3 Rxb1+ 16. Rxb1 Nb6 17. Qb5 Qxa2 18. Rb2 Qa1+ 19. Kh2 c4 20. Bc2 Nfd7 21.
Nd4 Qf1 22. Be3 Be5+ 23. g3 Bxd4 24. cxd4 f5 25. Qb4 fxe4 26. Bxe4 Nf6 27. Bg2
Qd3 28. Bh6 c3 29. Ra2 Rc8 30. Rxa7 Nfxd5 31. Bxd5+ Nxd5 32. Qb7 Qf5 {#} 33.
Ra8 Nb6 34. Qxe7 Qxf2+ 35. Kh1 Qf3+ 36. Kh2 Qf2+ 37. Kh1 Qf1+ 38. Kh2 Qf2+ 39.
Kh1 1/2-1/2

[Event "19e Open de Saint-Affrique"]
[Site "Saint Affrique (12)"]
[Date "2011.07.25"]
[Round "3.10"]
[White "Bissieres, Matthieu"]
[Black "Zschiedrich, Heiko"]
[Result "1/2-1/2"]
[WhiteElo "2352"]
[BlackElo "2166"]
[PlyCount "86"]
[EventDate "2011.??.??"]

1. d4 Nf6 2. Nf3 d5 3. c4 c6 4. Nc3 e6 5. Bg5 Be7 6. e3 h6 7. Bf4 Nbd7 8. Rc1
O-O 9. cxd5 Nxd5 10. Nxd5 cxd5 11. a3 Qb6 12. Qc2 Bd6 13. Bxd6 Qxd6 14. Qc7 Qb6
15. Qxb6 Nxb6 16. Rc7 f6 17. Bd3 Rf7 18. Rc2 Bd7 19. Bg6 Rff8 20. b3 Rfc8 21.
Kd2 Rxc2+ 22. Kxc2 Rc8+ 23. Kb2 Kf8 24. a4 a5 25. Bb1 Ke7 26. h4 Be8 27. g4 Bf7
28. Rg1 Rh8 29. Rc1 Rc8 30. Re1 Kd6 31. Nd2 e5 32. dxe5+ fxe5 33. f4 Be6 34. f5
Bf7 35. e4 d4 36. Bd3 Rc3 37. Bb5 Rg3 38. g5 hxg5 39. hxg5 Rxg5 40. Rh1 Rh5 41.
Rg1 Ke7 42. Rxg7 Kf6 43. Rg2 Rh3 1/2-1/2

[Event "19e Open de Saint-Affrique"]
[Site "Saint Affrique (12)"]
[Date "2011.07.25"]
[Round "3.11"]
[White "Loiseau, Quentin"]
[Black "Houriez, Clement"]
[Result "1-0"]
[WhiteElo "2142"]
[BlackElo "2328"]
[PlyCount "55"]
[EventDate "2011.??.??"]

1. d4 Nf6 2. Nf3 e6 3. c4 b6 4. g3 Bb7 5. Bg2 Be7 6. O-O O-O 7. d5 exd5 8. Nh4
c6 9. cxd5 Nxd5 10. Nf5 Nc7 11. Nc3 d5 12. e4 Nba6 13. exd5 cxd5 14. Re1 Bf6
15. Bf4 Qd7 16. Bh3 Ne6 {#} 17. Ne4 Kh8 18. Nxf6 gxf6 19. Qg4 Rg8 20. Qh4 Rg6
21. Nd6 Nac5 22. Bf5 Rf8 23. Rad1 Ba8 24. b4 Na6 25. Rxe6 fxe6 26. Bxg6 e5 27.
Bf5 Qe7 28. Bxe5 1-0

[Event "19e Open de Saint-Affrique"]
[Site "Saint Affrique (12)"]
[Date "2011.07.25"]
[Round "3.24"]
[White "Dupouy, Francois"]
[Black "Mania, Clement"]
[Result "1-0"]
[WhiteElo "1834"]
[BlackElo "2130"]
[PlyCount "47"]
[EventDate "2011.??.??"]

1. e4 c5 2. Nf3 Nc6 3. d4 cxd4 4. Nxd4 Nf6 5. Nc3 e5 6. Ndb5 d6 7. Bg5 a6 8.
Na3 b5 9. Bxf6 gxf6 10. Nd5 f5 11. c3 Bg7 12. Nxb5 axb5 13. Bxb5 Bd7 14. exf5
O-O 15. Qf3 e4 16. Qg3 Kh8 17. Qxd6 Be5 18. Qc5 Rc8 19. Nb6 Rc7 20. Nxd7 Rxd7
21. Bxc6 Re7 22. Rd1 Qc7 {#} 23. Rd7 Bxc3+ 24. Qxc3+ 1-0

[Event "19e Open de Saint-Affrique"]
[Site "Saint Affrique (12)"]
[Date "2011.07.25"]
[Round "3.38"]
[White "Perrot, Pierre"]
[Black "Jamme, Jean-Pierre"]
[Result "1-0"]
[WhiteElo "1712"]
[BlackElo "1944"]
[PlyCount "63"]
[EventDate "2011.??.??"]

1. c4 e5 2. Nc3 Nf6 3. Nf3 Nc6 4. d3 Bc5 5. g3 d6 6. Bg2 Ng4 7. e3 Ne7 8. O-O
O-O 9. d4 Bb4 10. Qb3 Bxc3 11. Qxc3 f6 12. b3 Nh6 13. e4 Nf7 14. Be3 Bg4 15. h3
Be6 16. Rad1 Qc8 17. Kh2 Ng6 18. Ng1 Nd8 19. dxe5 fxe5 20. f4 exf4 21. gxf4 Nh4
22. Rd2 Nc6 23. f5 Bd7 24. Bg5 Nxg2 25. Rxg2 Ne5 26. Bh6 Rf7 27. Qg3 Qf8 28. f6
Ng6 29. fxg7 Qe7 30. Rxf7 Qxf7 31. Rf2 Qe7 32. Rf8+ 1-0

[Event "19e Open de Saint-Affrique"]
[Site "Saint Affrique (12)"]
[Date "2011.07.25"]
[Round "3.58"]
[White "Lepeigneux, Jean-Jacques"]
[Black "Ferrandi, Bernard"]
[Result "1-0"]
[WhiteElo "1589"]
[BlackElo "1839"]
[PlyCount "85"]
[EventDate "2011.??.??"]

1. e4 e5 2. d4 exd4 3. Qxd4 Nc6 4. Qe3 b6 5. Nc3 Bc5 6. Qg3 g6 7. Bc4 d6 8. Bg5
Qd7 9. O-O-O Qg4 10. Nd5 Qxg3 11. hxg3 Kd7 12. Nf6+ Nxf6 13. Bxf6 Rf8 14. Rxh7
Ke8 15. Nf3 Be6 16. Bb5 Bd7 17. Ng5 Bxf2 18. Bxc6 Bxc6 19. Ne6 Kd7 20. Nxf8+
Rxf8 21. e5 Ke6 22. Rf1 Bxg3 23. Bg7 Rg8 24. Rf6+ Ke7 {#} 25. e6 Be8 26. exf7
Bxf7 27. Bh8 Rf8 28. Rf3 Be5 29. Bxe5 dxe5 30. Kd2 Ke6 31. Rg7 Rd8+ 32. Ke3 Rd7
33. g4 Be8 34. Rxd7 Bxd7 35. g5 Be8 36. Rf6+ Kd5 37. Rf8 Bd7 38. Rf7 Ke6 39.
Rf6+ Kd5 40. Rxg6 Bf5 41. Rg7 Bxc2 42. Rxc7 Bf5 43. Rxa7 1-0

[Event "19e Open de Saint-Affrique"]
[Site "Saint Affrique (12)"]
[Date "2011.07.25"]
[Round "3.88"]
[White "Ringuet, Claude"]
[Black "Flear, James C"]
[Result "0-1"]
[WhiteElo "1513"]
[BlackElo "1240"]
[PlyCount "44"]
[EventDate "2011.??.??"]

1. e4 e5 2. f4 exf4 3. Nf3 Nc6 4. d4 d5 5. exd5 Qxd5 6. c3 Bg4 7. Be2 Bd6 8.
O-O Nf6 9. c4 Qh5 10. c5 Be7 11. Bxf4 O-O 12. Bxc7 Nd5 13. Qb3 Nxc7 14. Qxb7
Nxd4 15. Nxd4 Bxe2 16. Rf5 Qh4 17. Nf3 Bxf3 18. gxf3 Qe1+ 19. Kg2 Ne6 20. c6
Bc5 21. Qa6 Rab8 22. Qf1 Rxb2+ 0-1

[Event "19e Open de Saint-Affrique"]
[Site "Saint Affrique (12)"]
[Date "2011.07.25"]
[Round "4.1"]
[White "Rabineau, Clement"]
[Black "Degraeve, Jean-Marc"]
[Result "1/2-1/2"]
[WhiteElo "2273"]
[BlackElo "2574"]
[PlyCount "24"]
[EventDate "2011.??.??"]

1. e4 e5 2. Nf3 Nc6 3. Bb5 Bc5 4. c3 Nf6 5. d4 Bb6 6. O-O O-O 7. Bg5 h6 8. Bxf6
Qxf6 9. Bxc6 Qxc6 10. Nxe5 Qxe4 11. Nd2 Qf5 12. Ndc4 d6 1/2-1/2

[Event "19e Open de Saint-Affrique"]
[Site "Saint Affrique (12)"]
[Date "2011.07.25"]
[Round "4.2"]
[White "Marzolf, Bruno"]
[Black "Karpatchev, Aleksandr"]
[Result "0-1"]
[WhiteElo "2265"]
[BlackElo "2485"]
[PlyCount "78"]
[EventDate "2011.??.??"]

1. e4 e5 2. Nf3 Nc6 3. Bb5 a6 4. Ba4 Nge7 5. Nc3 d6 6. d3 b5 7. Bb3 Na5 8. O-O
Nxb3 9. axb3 c6 10. d4 Ng6 11. Be3 Be7 12. dxe5 dxe5 13. Qxd8+ Kxd8 14. Bb6+
Ke8 15. Rfd1 f6 16. Ne1 Nf4 17. Nd3 Nxd3 18. Rxd3 Be6 19. Rad1 Kf7 20. Bc7 Rhc8
21. Bd6 a5 22. Bxe7 Kxe7 23. f3 Rd8 24. Rxd8 Rxd8 25. Rxd8 Kxd8 26. Kf2 Kc7 27.
Ke3 Kb6 28. Ne2 c5 29. Nc1 c4 30. bxc4 Bxc4 31. c3 a4 32. g3 g5 33. f4 g4 34.
fxe5 fxe5 35. Kd2 Kc5 36. Ke3 {#} 36... b4 37. cxb4+ Kxb4 38. Kd2 Kc5 39. Kc3
h6 0-1

[Event "19e Open de Saint-Affrique"]
[Site "Saint Affrique (12)"]
[Date "2011.07.25"]
[Round "4.3"]
[White "Flear, Glenn C"]
[Black "Ravot, Sylvain"]
[Result "1-0"]
[WhiteElo "2483"]
[BlackElo "2267"]
[PlyCount "63"]
[EventDate "2011.??.??"]

1. d4 Nf6 2. c4 c5 3. d5 b5 4. Nf3 e6 5. Bg5 Qa5+ 6. Nc3 Ne4 7. cxb5 Nxc3 8.
bxc3 Qxc3+ 9. Bd2 Qc4 10. dxe6 Qxe6 11. g3 d5 12. Bg2 Bb7 13. Ng5 Qf6 14. O-O
Qb6 15. Qb3 c4 16. Qf3 {#} 16... f6 17. Nh3 Nd7 18. Bc3 Nc5 19. Bd4 Bd6 20. Qf5
Rd8 21. Bxd5 Bc8 22. Qf3 Be7 23. Nf4 g6 24. Bc6+ Bd7 25. Nd5 Bxc6 26. bxc6 Qa5
27. c7 Rc8 28. Nxf6+ Bxf6 29. Qxf6 Kd7 30. Rfd1 Kxc7 31. Be5+ Kb7 32. Rab1+ 1-0

[Event "19e Open de Saint-Affrique"]
[Site "Saint Affrique (12)"]
[Date "2011.07.25"]
[Round "4.5"]
[White "Saez, Frederic"]
[Black "Kukov, Velislav"]
[Result "0-1"]
[WhiteElo "2252"]
[BlackElo "2377"]
[PlyCount "140"]
[EventDate "2011.??.??"]

1. d4 d5 2. Nf3 Nc6 3. c4 Bg4 4. e3 e6 5. Nc3 dxc4 6. Bxc4 a6 7. h3 Bh5 8. g4
Bg6 9. Bf1 Nf6 10. Bg2 Ne4 11. Qb3 Nxc3 12. bxc3 Be4 13. Qxb7 {#} 13... Bb4 14.
Nh4 Ra7 15. Qxc6+ Bxc6 16. Bxc6+ Kf8 17. cxb4 Qxh4 18. Ba3 Kg8 19. Rb1 h5 20.
g5 Qxg5 21. Ke2 Kh7 22. d5 Qf5 23. Bb2 exd5 24. Rbc1 Raa8 25. Bxa8 Rxa8 26.
Rhg1 g6 27. Rxc7 Rc8 28. Rgc1 Rxc7 29. Rxc7 g5 30. a4 g4 31. hxg4 Qxg4+ 32. Kf1
Qxb4 33. Rxf7+ Kg6 34. Rg7+ Kf5 35. Bd4 Qxa4 36. Kg2 Qc2 37. Rf7+ Kg5 38. Rg7+
Kh6 39. Ra7 Qe2 40. Ra8 Qg4+ 41. Kh2 Qe2 42. Kg2 Kg6 43. Rg8+ Kf5 44. Rf8+ Ke4
45. Rf4+ Kd3 46. Kg3 a5 47. Bb6 Qa2 48. Kh4 a4 49. Kxh5 Qb3 50. Bd4 Qb7 51. Rh4
a3 52. Bf6 Qd7 53. Kg5 a2 54. Rh1 Ke4 55. Rh4+ Kf3 56. Rh1 Qg4+ 57. Kh6 Qf5 58.
Bd4 Qb1 59. Rh5 a1=Q 60. Bxa1 Qxa1 61. Rf5+ Ke4 62. Rf4+ Ke5 63. Rf7 Qg1 64.
Rf8 Qh2+ 65. Kg6 Qg2+ 66. Kh6 Ke4 67. Rf4+ Kd3 68. Kh5 Ke2 69. Ra4 Qh3+ 70. Rh4
Qxh4+ 0-1

[Event "19e Open de Saint-Affrique"]
[Site "Saint Affrique (12)"]
[Date "2011.07.25"]
[Round "4.7"]
[White "Saada, Julien"]
[Black "Delorme, Laurie"]
[Result "1/2-1/2"]
[WhiteElo "2310"]
[BlackElo "2215"]
[PlyCount "132"]
[EventDate "2011.??.??"]

1. d4 d5 2. Nf3 e6 3. c4 c6 4. e3 Nf6 5. Nbd2 Nbd7 6. b3 Bd6 7. Bb2 Qe7 8. Ne5
Bb4 9. a3 Bxd2+ 10. Qxd2 Ne4 11. Qc2 f5 12. Bd3 O-O 13. O-O Qh4 14. f3 Nd6 15.
a4 Nxe5 16. dxe5 Nf7 17. cxd5 cxd5 18. Qc7 Rd8 19. f4 Rd7 20. Qc3 Rd8 21. Rac1
a6 {#} 22. Bxf5 d4 23. exd4 exf5 24. e6 Rd5 25. exf7+ Kxf7 26. Qc7+ Qe7 27.
Rfe1 Be6 28. Ba3 Qd7 29. Qb6 Rc8 30. Rxc8 Qxc8 31. Rc1 Qe8 32. Qxb7+ Rd7 33.
Rc7 Kg8 34. Rxd7 Bxd7 35. Qd5+ Be6 36. Qe5 Qd7 37. Bc5 Bd5 38. b4 h6 39. Qd6
Qxd6 40. Bxd6 Bc6 41. b5 axb5 42. a5 Kf7 43. Kf2 g6 44. g3 Ke6 45. Bf8 Kd5 46.
Ke3 Kc4 47. Bxh6 b4 48. Bf8 b3 49. Ba3 Kc3 50. h3 Bd5 51. g4 Kc4 52. gxf5 gxf5
53. a6 Kb5 54. a7 Ka6 55. h4 Kxa7 56. h5 Kb6 57. h6 Bg8 58. Kf3 Kc6 59. Kg3 Kd5
60. Bb2 Ke6 61. Kh4 Kf6 62. d5+ Kg6 63. d6 Be6 64. h7 Kxh7 65. Kg5 Bc8 66. Bc3
Kg8 1/2-1/2

[Event "19e Open de Saint-Affrique"]
[Site "Saint Affrique (12)"]
[Date "2011.07.25"]
[Round "4.8"]
[White "Gozzoli, Yannick"]
[Black "Loiseau, Quentin"]
[Result "1-0"]
[WhiteElo "2532"]
[BlackElo "2142"]
[PlyCount "79"]
[EventDate "2011.??.??"]

1. d4 d5 2. c4 e6 3. Nf3 Nf6 4. Nc3 Be7 5. Bg5 O-O 6. e3 h6 7. Bxf6 Bxf6 8. Rc1
c6 9. Bd3 dxc4 10. Bxc4 Nd7 11. O-O e5 12. h3 exd4 13. exd4 Nb6 14. Bb3 Bf5 15.
Re1 Re8 16. Rxe8+ Qxe8 17. Qd2 Qd7 18. Qf4 Be6 19. Ne4 Bxd4 20. Rd1 Bxb3 21.
axb3 c5 22. Nxd4 cxd4 23. Nc5 Qb5 24. Qxd4 Rc8 25. b4 a5 26. Nxb7 Qxb4 27. Qxb4
axb4 28. Rd4 b3 29. Na5 Ra8 30. Rb4 Nd5 31. Ra4 Rc8 32. Rd4 Rc1+ 33. Kh2 Nf6
34. Nxb3 Rb1 35. Rd8+ Kh7 36. Rd2 Ne4 37. Rc2 Rf1 38. f3 Nf2 39. Nc5 g5 40. g4
1-0

[Event "19e Open de Saint-Affrique"]
[Site "Saint Affrique (12)"]
[Date "2011.07.25"]
[Round "4.9"]
[White "Castro, John"]
[Black "Petitcunot, Pierre"]
[Result "0-1"]
[WhiteElo "2189"]
[BlackElo "2414"]
[PlyCount "56"]
[EventDate "2011.??.??"]

1. e4 g6 2. d4 c6 3. Nc3 d5 4. h3 Bg7 5. Nf3 Nf6 6. e5 Ne4 7. Bd3 Nxc3 8. bxc3
c5 9. a4 Qa5 10. O-O c4 11. Be2 b5 12. Ba3 bxa4 13. Qd2 Nc6 14. Nh4 f5 15. f4
Bd7 16. Kh1 O-O-O 17. Nf3 Bh6 18. Rfb1 Rde8 19. Rb2 Nd8 20. Rab1 Qc7 21. g3 Ne6
22. Qe3 Bc6 23. Kh2 Rd8 24. Nd2 g5 {#} 25. Nxc4 gxf4 26. Qd3 fxg3+ 27. Kg1 dxc4
28. Qxc4 Be3+ 0-1

[Event "19e Open de Saint-Affrique"]
[Site "Saint Affrique (12)"]
[Date "2011.07.25"]
[Round "4.10"]
[White "Bedouin, Xavier"]
[Black "Sanchez, Nicolas"]
[Result "1-0"]
[WhiteElo "2410"]
[BlackElo "2163"]
[PlyCount "113"]
[EventDate "2011.??.??"]

1. d4 Nf6 2. c4 g6 3. g3 Bg7 4. Bg2 O-O 5. Nc3 d6 6. Nf3 Nbd7 7. O-O e5 8. e4
a6 9. Qc2 b5 10. dxe5 dxe5 11. Rd1 b4 12. Nd5 Rb8 13. Be3 c6 14. Nxf6+ Bxf6 15.
c5 Qc7 16. Bf1 Re8 17. Bc4 Nf8 18. Nd2 Ne6 19. Nb3 Kg7 20. a3 a5 21. axb4 axb4
22. Ra4 h5 23. Be2 h4 24. Na5 hxg3 25. hxg3 Rh8 26. Nc4 Bg5 27. Qb3 Bxe3 28.
Qxe3 Nd4 29. Rxd4 exd4 30. Qxd4+ Kg8 31. Nd6 Be6 32. f4 Qe7 33. Bf3 Bb3 34. Ra6
Qd7 35. f5 gxf5 36. exf5 Qe7 37. Ne4 Rh6 38. Qe3 Bc2 39. Qxh6 Bxe4 40. Qe3 Re8
41. Bxe4 Qxe4 42. Qxe4 Rxe4 43. Kf2 Rc4 44. Rxc6 Rc2+ 45. Ke3 Rxb2 46. Rb6 b3
47. Kd4 Rb1 48. Kd5 b2 49. Kc6 Kg7 50. Rb3 Kf6 51. Kb6 Kxf5 52. c6 Kg4 53. c7
Rc1 54. Rxb2 Kxg3 55. Rb5 Rxc7 56. Kxc7 Kg4 57. Kd6 1-0

[Event "19e Open de Saint-Affrique"]
[Site "Saint Affrique (12)"]
[Date "2011.07.25"]
[Round "4.16"]
[White "Dubost, Christophe"]
[Black "Dimitrov, Christo"]
[Result "0-1"]
[WhiteElo "1906"]
[BlackElo "2301"]
[PlyCount "56"]
[EventDate "2011.??.??"]

1. c4 Nf6 2. g3 g6 3. Bg2 Bg7 4. Nc3 O-O 5. e4 d6 6. Nge2 Nbd7 7. O-O c6 8. d3
a6 9. h3 b5 10. cxb5 axb5 11. a3 b4 12. Na2 bxa3 13. Nac3 a2 14. Rxa2 Rxa2 15.
Nxa2 Qa5 16. Nac3 Ba6 17. Qc2 Rb8 18. Rd1 c5 19. d4 Bc4 20. Qb1 cxd4 21. Nxd4
Qxc3 22. Nc6 Qb3 23. Bf4 Re8 24. Nd4 Qa2 25. Qc1 e5 26. b3 Bxb3 27. Rd2 Qa4 28.
Nxb3 exf4 0-1

[Event "19e Open de Saint-Affrique"]
[Site "Saint Affrique (12)"]
[Date "2011.07.25"]
[Round "4.22"]
[White "Pierrard, Bernard"]
[Black "Vanderbeeken, Mikael"]
[Result "0-1"]
[WhiteElo "1899"]
[BlackElo "2171"]
[PlyCount "32"]
[EventDate "2011.??.??"]

1. b3 d5 2. e3 e5 3. Bb2 Nd7 4. Nf3 Bd6 5. Be2 Qe7 6. d3 f5 7. Nc3 c6 8. a3
Ngf6 9. Nb1 O-O 10. Nbd2 e4 11. dxe4 fxe4 12. Nd4 Ne5 13. h3 Qf7 14. f4 exf3
15. N4xf3 Nxf3+ 16. Nxf3 Bg3+ 0-1

[Event "19e Open de Saint-Affrique"]
[Site "Saint Affrique (12)"]
[Date "2011.07.25"]
[Round "4.24"]
[White "Youssoupov, Moisse"]
[Black "Weil, Dany"]
[Result "1-0"]
[WhiteElo "2139"]
[BlackElo "1883"]
[PlyCount "37"]
[EventDate "2011.??.??"]

1. d4 Nf6 2. Nf3 d6 3. Bf4 Na6 4. c3 c5 5. e3 Qb6 6. Qc1 cxd4 7. exd4 Bf5 8.
Nbd2 Rc8 9. Nc4 Qc6 10. Be2 g6 11. a4 Qd5 12. Ne3 Qa5 13. O-O Be6 14. Ng5 Bb3
15. Bb5+ Nd7 16. Ra3 h6 17. Rxb3 hxg5 18. Bxg5 Nc7 19. Nc4 1-0

[Event "19e Open de Saint-Affrique"]
[Site "Saint Affrique (12)"]
[Date "2011.07.25"]
[Round "4.29"]
[White "Drogou, Gerard"]
[Black "Meunier, Clement"]
[Result "0-1"]
[WhiteElo "2106"]
[BlackElo "1866"]
[PlyCount "60"]
[EventDate "2011.??.??"]

1. d4 d5 2. Nf3 e6 3. e3 f5 4. Be2 Nf6 5. O-O Bd6 6. b3 Qe7 7. c4 c6 8. Bb2
Nbd7 9. Nbd2 O-O 10. Ne5 Ne4 11. Qc2 Rf6 12. Nxe4 fxe4 13. f3 exf3 14. Bxf3
Bxe5 15. dxe5 Rh6 16. Rf2 Qh4 17. g3 Qg5 18. cxd5 exd5 19. Raf1 Re6 20. Qe2 Re8
21. e6 Ne5 22. Bh5 g6 23. Bxe5 Qxe5 24. Bg4 Bxe6 25. Bxe6+ Qxe6 26. Rf7 Qxf7
27. Rxf7 Kxf7 28. Qg4 Re4 29. Qg5 Kg7 30. h4 {#} 30... h6 0-1

[Event "19e Open de Saint-Affrique"]
[Site "Saint Affrique (12)"]
[Date "2011.07.26"]
[Round "5.1"]
[White "Karpatchev, Aleksandr"]
[Black "Flear, Glenn C"]
[Result "1-0"]
[WhiteElo "2485"]
[BlackElo "2483"]
[PlyCount "39"]
[EventDate "2011.??.??"]

1. e4 e5 2. Nf3 Nc6 3. d4 exd4 4. Bc4 Nf6 5. O-O Bc5 6. e5 d5 7. exf6 dxc4 8.
fxg7 Rg8 9. Bg5 Be7 10. Bxe7 Kxe7 11. Re1+ Kf6 12. Nbd2 Kxg7 13. Nxc4 Kh8 14.
Nce5 Nxe5 15. Rxe5 Qf6 16. Qxd4 {#} 16... Rxg2+ 17. Kxg2 Bh3+ 18. Kg3 Rg8+ 19.
Rg5 Rxg5+ 20. Kxh3 1-0

[Event "19e Open de Saint-Affrique"]
[Site "Saint Affrique (12)"]
[Date "2011.07.26"]
[Round "5.2"]
[White "Kukov, Velislav"]
[Black "Bedouin, Xavier"]
[Result "1/2-1/2"]
[WhiteElo "2377"]
[BlackElo "2410"]
[PlyCount "43"]
[EventDate "2011.??.??"]

1. Nf3 Nf6 2. c4 b6 3. g3 Bb7 4. Bg2 e6 5. O-O Be7 6. Nc3 O-O 7. Re1 Ne4 8.
Nxe4 Bxe4 9. d3 Bb7 10. e4 c5 11. d4 cxd4 12. Nxd4 d6 13. b3 a6 14. Bb2 Re8 15.
Qg4 Bf8 16. Rad1 Qc7 17. e5 dxe5 18. Bxb7 Qxb7 19. Rxe5 Nd7 20. Re2 Rad8 21.
Red2 Ne5 22. Qf4 1/2-1/2

[Event "19e Open de Saint-Affrique"]
[Site "Saint Affrique (12)"]
[Date "2011.07.26"]
[Round "5.3"]
[White "Degraeve, Jean-Marc"]
[Black "Saada, Julien"]
[Result "1-0"]
[WhiteElo "2574"]
[BlackElo "2310"]
[PlyCount "87"]
[EventDate "2011.??.??"]

1. e4 c6 2. d4 d5 3. exd5 cxd5 4. c4 Nf6 5. Nc3 g6 6. Qb3 Bg7 7. cxd5 O-O 8.
Be2 Na6 9. Bf3 Qb6 10. Qxb6 axb6 11. Nge2 Nb4 12. O-O Rd8 13. d6 Rxd6 14. Bf4
Rd7 15. Rad1 Nbd5 16. Be5 Rd8 17. Nxd5 Nxd5 18. Bxg7 Kxg7 19. Bxd5 Rxd5 20. Nc3
Rd6 21. Rfe1 Re6 22. d5 Rxe1+ 23. Rxe1 Kf8 24. Re4 Bd7 25. Rb4 Ra6 26. f4 Ke8
27. Kf2 Kd8 28. Ke3 Kc7 29. a3 Ra5 30. Kd4 {#} 30... f5 31. g3 Ra8 32. h4 h6
33. Ke5 Rf8 34. Rd4 Rg8 35. Rc4+ Kd8 36. Rb4 Kc7 37. Nd1 Rf8 38. Ne3 b5 39. Nc2
Kb6 40. Nd4 Rc8 41. Nxb5 Bxb5 42. a4 Rc4 43. Rxb5+ Kc7 44. Ke6 1-0

[Event "19e Open de Saint-Affrique"]
[Site "Saint Affrique (12)"]
[Date "2011.07.26"]
[Round "5.4"]
[White "Houard, Yannick"]
[Black "Gozzoli, Yannick"]
[Result "0-1"]
[WhiteElo "2221"]
[BlackElo "2532"]
[PlyCount "66"]
[EventDate "2011.??.??"]

1. e4 e5 2. Nf3 Nc6 3. Bb5 a6 4. Bxc6 dxc6 5. O-O f6 6. d4 Bg4 7. c3 Qe7 8.
Nbd2 O-O-O 9. Qc2 Qe8 10. b3 Bd6 11. Bb2 Qh5 12. dxe5 fxe5 13. c4 c5 14. b4 Nf6
15. b5 a5 16. Qc3 b6 17. h3 Bd7 18. Qe3 h6 19. Rfe1 Rde8 20. Nf1 Qf7 21. Rac1
Nh5 22. Ng3 Nf4 23. Ne2 g5 24. Nxf4 gxf4 25. Qd3 Rhg8 26. Kf1 Qh5 27. Ke2 Rxg2
28. Rg1 Rxg1 29. Rxg1 Be6 30. Ke1 Qxh3 31. Rg6 Rd8 32. Nxe5 Qh1+ 33. Ke2 Bxe5
0-1